The Flames Burnt Dark The Talk of the Aryasura (Record no. 68753)
[ view plain ]
| 000 -LEADER | |
|---|---|
| fixed length control field | 00267nam a22000977a 4500 |
| 100 ## - MAIN ENTRY--AUTHOR NAME | |
| Personal name | Gupta,Sayantan |
| 245 ## - TITLE STATEMENT | |
| Title | The Flames Burnt Dark The Talk of the Aryasura |
| 260 ## - PUBLICATION, DISTRIBUTION, ETC. (IMPRINT) | |
| Place of publication | New Delhi |
| Name of publisher | Lifi Publicaation Pvt. |
| Year of publication | 2024 |
| 650 ## - SUBJECT ADDED ENTRY--TOPICAL TERM | |
| Topical Term | Faction |
| 942 ## - ADDED ENTRY ELEMENTS (KOHA) | |
| Koha item type | Books |
| Withdrawn status | Lost status | Damaged status | Not for loan | Home library | Current library | Date acquired | Cost, normal purchase price | Full call number | Accession Number | Price effective from | Koha item type |
|---|---|---|---|---|---|---|---|---|---|---|---|
| MACL | MACL | 27/02/2026 | 240.00 | 823/GUP | DPI004175 | 27/02/2026 | Books |









